=LDR 00000nam 2200000 4500 =001 INLIS000000000031224 =005 20130612133316 =008 ***********************************Ind** =035 ##$$0010-061300000031224 =041 ##$$a Ind =082 ##$$a 613.71 =090 ##$$a 613.71, Alt t =100 ##$$a Alter, Michael J =245 ##$$a 300 teknik peregangan olahraga, Michail J Alter; alih bahasa Jamal Habib =260 ##$$a 2008 $b Jakarta =300 ##$$a x, 227 hlm, ilus, 24 cm =650 ##$$a Senam - Kesehatan =700 ##$$a Habib, Jamal =850 ##$$a NBPNMAT =990 ##$$a 16251625 =990 ##$$a 20903441